000 00661nam a2200253Ia 4500
003 OSt
005 20221005083816.0
006 a|||||r|||| 00| 0
007 ta
008 221004b |||||||| |||| 00| 0 eng d
020 _a8122400620
024 _a18317
037 _cTextual
040 _aCRL
_cCRL
_beng
041 _2eng
_aeng
082 _aB43, M9
100 _aKesavan S.
_9448965
245 0 _aTopics in functional analysis and applications
260 _aNew Delhi
_bWiley Eastern Limited India
_c1989
300 _a267 p.
_ccm.
650 _aMATHEMATICS
942 _hB43, M9
_cTEXL
_2cc
999 _c991589
_d991589